STN EN 894-1: 2000 [neplatná] (83 3585) Bezpečnosť strojov. Ergonomické požiadavky na navrhovanie displejov a regulačných ovládačov Časť 1 Všeobecné zásady vzájomného pôsobenia človeka s displejmi a regulačnými ovládačmi

Norma je identická s EN 894-1: 1997

Bibliographic Details
Corporate Author: MAKARA MODEL (Podolie, Slovensko) (Compiler)
Other Authors: Makara, Marian (Compiler)
Format: Book
Language:Slovak
English
PhysicalDescription:20 s. tab. 30 cm
Published: Bratislava Slovenský ústav technickej normalizácie 2000
Subjects:

MARC

LEADER 00000cam a2200000 a 4500
001 vtls009743721
003 SK-MaSNL
005 20260301082510.0
008 160624s2000 xo f u 000 0 slo
015 |a SNBN2013 
035 |a (SVKBBclas03)vtls000111276 
040 |a SNK  |b slo  |c SNK  |e AACR2 
041 1 |a slo  |h eng 
046 |a m  |m 200002 (účin.)  |n 200904 
072 7 |a 62  |x Technika všeobecne  |2 konspekt 
072 7 |a 331  |x Práca  |2 konspekt 
080 |a 62-1/-9  |2 2011 
080 |a 331.45  |2 2011 
084 |a 13.110  |2 ICS 
084 |a 13.180  |2 ICS 
130 0 |a STN 83 3585 [neplatná] (STN EN 894-1)  |9 407552 
245 1 0 |a STN EN 894-1: 2000 [neplatná] (83 3585) Bezpečnosť strojov. Ergonomické požiadavky na navrhovanie displejov a regulačných ovládačov  |n Časť 1  |p Všeobecné zásady vzájomného pôsobenia človeka s displejmi a regulačnými ovládačmi  |c spracovateľ MAKARA Podolie, Marian Makara 
260 |a Bratislava  |b Slovenský ústav technickej normalizácie  |c 2000 
300 |a 20 s.  |b tab.  |c 30 cm 
500 |a Norma je nahradená normou STN EN 894-1+A1 z apríla 2009 v celom rozsahu. STN EN 894-1 z februára 2000 sa môže súbeažne s touto normou používať do 28. 12. 2009 
520 |a Norma je identická s EN 894-1: 1997 
650 0 7 |a stroje  |2 SNKPH  |9 3551 
650 0 7 |a Machines  |2 SNKPHeng  |9 268704 
700 1 |a Makara, Marian  |4 com  |9 318862 
710 2 |a MAKARA MODEL (Podolie, Slovensko)  |4 com  |9 320556 
710 1 |a Slovensko.  |b Úrad pre normalizáciu, metrológiu a skúšobníctvo.  |b Slovenský ústav technickej normalizácie  |4 oth  |9 158115 
774 1 8 |t STN EN 897-1+A1: 2009  |d Bratislava: Slovenský ústav technickej normalizácie, 2009  |w vtls009838430 
852 |a Slovenská národná knižnica 
999 |c 658652  |d 660582 
952 |t P60, <03>, [BOOK], {603}  |a SNK  |b SNK  |y PREZ  |7 0  |p 17A0236778  |o snkSTN EN 894-1  |i snkN 600/2000  |0 0  |1 0  |4 0  |d 2000-05-11  |l 0  |r 2005-01-02 00:00:00  |w 2026-02-23 
952 |t P60, <04>, [BOOK], {604}  |a SNK  |b SNK  |y VYP  |7 0  |p 17A0236777  |o snkSTN EN 894-1 D1  |i snkN 601/2000  |0 0  |1 0  |4 0  |d 2000-05-11  |l 0  |r 2005-01-02 00:00:00  |w 2026-02-23